Stravovanie zamestnancov v pracovnom pomere

Poskytovanie stravovania zamestnancom v pracovnom pomere je dané kogentnou právnou úpravou. Právna úprava pritom ustanovuje minimálnu hodnotu stravovacej poukážky. Pokiaľ zamestnávateľ nemá možnosť poskytovať svojim zamestnancom stravovanie vo svojom stravovacom zariadení, musí zabezpečiť zamestnanc...

Description complète

Enregistré dans:
Détails bibliographiques
Auteur principal: Hrtánek, Ladislav
Format: Chapitre de livre
Langue:slovaque
Sujets:
Tags: Ajouter un tag
Pas de tags, Soyez le premier à ajouter un tag!

MARC

LEADER 00000naa a2200000 4500
001 0299741
005 20240417075308.8
041 0 |a slo 
044 |a SK 
245 1 0 |a Stravovanie zamestnancov v pracovnom pomere  |c Ladislav Hrtánek 
520 |a Poskytovanie stravovania zamestnancom v pracovnom pomere je dané kogentnou právnou úpravou. Právna úprava pritom ustanovuje minimálnu hodnotu stravovacej poukážky. Pokiaľ zamestnávateľ nemá možnosť poskytovať svojim zamestnancom stravovanie vo svojom stravovacom zariadení, musí zabezpečiť zamestnancom stravovanie u inej právnickej osoby alebo fyzickej osoby, ktorá má oprávnenie poskytovať stravovacie služby. Ktorí zamestnanci majú právo, aby im zamestnávateľ poskytoval stravovanie? 
610 2 0 |a stravovanie zamestnancov 
610 2 0 |a zamestnanci 
610 2 0 |a pomer pracovný 
610 2 0 |a úpravy právne 
610 2 0 |a povinnosti zamestnávateľov 
610 2 0 |a zákonník práce 
100 1 |a Hrtánek, Ladislav